[Event "Rhein Main op-B 21st"]
[Site "Bad Homburg"]
[Date "2018.06.02"]
[Round "6"]
[White "Ross, Norbert"]
[Black "Deutsch, Volker"]
[Result "1/2-1/2"]
[WhiteElo "1774"]
[BlackElo "1529"]
[PlyCount "54"]
[EventDate "2018.05.30"]
[EventType "swiss"]
[EventRounds "7"]
[EventCountry "GER"]
[SourceTitle "EXT 2019"]
[Source "ChessBase"]
[SourceDate "2018.10.10"]
[SourceVersion "1"]
[SourceVersionDate "2018.10.10"]
[SourceQuality "1"]

1. d4 d5 2. c4 c6 3. Nf3 Nf6 4. Nc3 e6 5. e3 Nbd7 6. Bd3 dxc4 7. Bxc4 Bd6 8. 0-0 0-0 9. e4 e5 10. Bg5 h6 11. Bh4 Qc7 12. Bg3 exd4 13. Bxd6 Qxd6 14. Qxd4 Qxd4 15. Nxd4 Ne5 16. Be2 Re8 17. h3 Bd7 18. Rfe1 Rad8 19. Rad1 Bc8 20. b4 Kf8 21. Kh2 Kg8 22. f4 Ng6 23. e5 Nd5 24. Nxd5 Rxd5 25. Bf3 Rdd8 26. g3 Ne7 27. a3 Nd5 1/2-1/2

[Event "GER-chT U12"]
[Site "Magdeburg"]
[Date "2017.12.28"]
[Round "4.2"]
[White "Deutsch, Volker"]
[Black "Kogan, Gabriel"]
[Result "0-1"]
[WhiteElo "1444"]
[BlackElo "1427"]
[PlyCount "142"]
[EventDate "2017.12.26"]
[EventType "team-swiss"]
[EventRounds "7"]
[EventCountry "GER"]
[SourceTitle "CBM 182 Extra"]
[Source "ChessBase"]
[SourceDate "2018.02.23"]
[SourceVersion "1"]
[SourceVersionDate "2018.02.23"]
[SourceQuality "1"]
[WhiteTeam "Gruendau"]
[BlackTeam "Porz SG"]
[WhiteTeamCountry "GER"]
[BlackTeamCountry "GER"]

1. e4 e5 2. Nf3 Nc6 3. Bc4 Bc5 4. c3 Nf6 5. d3 d6 6. Nbd2 0-0 7. Nf1 Be6 8. Bb3 Bb6 9. Ng3 Ne7 10. d4 Ng6 11. 0-0 c6 12. Be3 Bxb3 13. Qxb3 Re8 14. Qc2 Rc8 15. Rfe1 Bc7 16. dxe5 Nxe5 17. Nxe5 dxe5 18. Rad1 Qe7 19. Nf5 Qe6 20. b3 Rcd8 21. f3 b6 22. Rxd8 Rxd8 23. Rd1 g6 24. Rxd8+ Bxd8 25. Qd3 Bc7 26. Ng3 Qd6 27. Qxd6 Bxd6 28. Ne2 Kf8 29. Kf2 Ke7 30. Bg5 Ke6 31. Ke3 Be7 32. c4 Kd6 33. Kd3 Kc5 34. Bd2 a5 35. Be3+ Kb4 36. Bxb6 Nd7 37. Be3 Ka3 38. Nc1 Kb2 39. a4 Nc5+ 40. Bxc5 Bxc5 41. Kd2 Be7 42. Nd3+ Kxb3 43. Nxe5 Bb4+ 44. Kd3 Kxa4 45. Nxc6 Kb3 46. Nxa5+ Bxa5 47. c5 Kb4 48. Kd4 Kb5 49. Kd5 Bc7 50. e5 h5 51. g4 hxg4 52. fxg4 g5 53. c6 Kb6 54. h3 Bb8 55. e6 fxe6+ 56. Kxe6 Bg3 57. Kd5 Kb5 58. Ke4 Kxc6 59. Kf5 Bh4 60. Ke4 Kc5 61. Ke3 Kd5 62. Kd3 Bf2 63. Ke2 Bh4 64. Kd3 Bg3 65. Ke3 Ke5 66. Kf3 Be1 67. Ke3 Bh4 68. Kf3 Kd4 69. Ke2 Ke4 70. Kd2 Kf3 71. Kd3 Kg3 0-1

[Event "GER-chT U12"]
[Site "Magdeburg"]
[Date "2017.12.28"]
[Round "3.2"]
[White "Schroeder, Lennart"]
[Black "Deutsch, Volker"]
[Result "0-1"]
[WhiteElo "1684"]
[BlackElo "1444"]
[PlyCount "120"]
[EventDate "2017.12.26"]
[EventType "team-swiss"]
[EventRounds "7"]
[EventCountry "GER"]
[SourceTitle "CBM 182 Extra"]
[Source "ChessBase"]
[SourceDate "2018.02.23"]
[SourceVersion "1"]
[SourceVersionDate "2018.02.23"]
[SourceQuality "1"]
[WhiteTeam "Muenster"]
[BlackTeam "Gruendau"]
[WhiteTeamCountry "GER"]
[BlackTeamCountry "GER"]

1. d4 d5 2. Nf3 Nf6 3. c4 c6 4. Qc2 e6 5. Nbd2 Nbd7 6. g3 Be7 7. Bg2 b6 8. e4 dxe4 9. Nxe4 Bb7 10. Be3 Nxe4 11. Qxe4 Nf6 12. Qc2 c5 13. dxc5 Bxc5 14. Bxc5 bxc5 15. 0-0 0-0 16. Rfd1 Qc7 17. Ne1 Rfd8 18. Bxb7 Qxb7 19. b3 Qc7 20. Ng2 h6 21. Ne3 Rxd1+ 22. Rxd1 Rd8 23. Rd2 Rd7 24. Qd1 Qd8 25. Rxd7 Qxd7 26. Qxd7 Nxd7 27. Kf1 Kf8 28. Ke2 Ke7 29. f4 Kd6 30. Kd3 f5 31. a3 a5 32. Nc2 e5 33. fxe5+ Nxe5+ 34. Ke2 g5 35. Ne3 Ke6 36. Nd5 Nc6 37. Ke3 Nd4 38. b4 cxb4 39. axb4 Nc2+ 40. Kf3 Nxb4 41. Nb6 Ke5 42. h4 g4+ 43. Ke3 Nc2+ 44. Kd2 Nd4 45. Ke3 Ne6 46. c5 Kf6 47. c6 Ke7 48. Kd3 Kd8 49. Nd5 a4 50. Kc4 a3 51. Kb3 f4 52. gxf4 g3 53. Ne3 Nxf4 54. Kxa3 Kc7 55. Kb4 Kxc6 56. Kc4 g2 57. Nxg2 Nxg2 58. h5 Nf4 59. Kd4 Nxh5 60. Ke5 Ng7 0-1

[Event "GER-chT U12"]
[Site "Magdeburg"]
[Date "2017.12.27"]
[Round "1.2"]
[White "Blazevic, Ksaver"]
[Black "Deutsch, Volker"]
[Result "0-1"]
[WhiteElo "1139"]
[BlackElo "1444"]
[PlyCount "90"]
[EventDate "2017.12.26"]
[EventType "team-swiss"]
[EventRounds "7"]
[EventCountry "GER"]
[SourceTitle "CBM 182 Extra"]
[Source "ChessBase"]
[SourceDate "2018.02.23"]
[SourceVersion "1"]
[SourceVersionDate "2018.02.23"]
[SourceQuality "1"]
[WhiteTeam "Goeppingen"]
[BlackTeam "Gruendau"]
[WhiteTeamCountry "GER"]
[BlackTeamCountry "GER"]

1. e4 e5 2. Nf3 Nc6 3. Bb5 a6 4. Ba4 d6 5. d3 b5 6. Bb3 Bg4 7. 0-0 Nd4 8. Nbd2 Nf6 9. h3 Bh5 10. c3 Nc6 11. Re1 Be7 12. Nf1 0-0 13. Ng3 Bg6 14. d4 exd4 15. cxd4 d5 16. e5 Ne4 17. Nxe4 dxe4 18. Nd2 Qxd4 19. Nxe4 Qxd1 20. Bxd1 Nxe5 21. Ng3 Bd6 22. Be2 Rfe8 23. Bf4 Rad8 24. Bxe5 Bxe5 25. Bf3 Bxb2 26. Rxe8+ Rxe8 27. Rd1 Bc3 28. Kh2 Be5 29. Bc6 Rb8 30. Rd7 Bd6 31. Bd5 Kf8 32. Bc6 f6 33. Kg1 Be8 34. Rxd6 cxd6 35. Bxe8 Rxe8 36. Nf5 Re1+ 37. Kh2 Rd1 38. Ne3 Rd2 39. Nf5 d5 40. Kg3 Rxa2 41. Nd4 b4 42. Ne6+ Kf7 43. Nc5 b3 44. Nxb3 Ra3 45. Kh2 Rxb3 0-1

[Event "GER-chT U12"]
[Site "Magdeburg"]
[Date "2017.12.27"]
[Round "2.2"]
[White "Deutsch, Volker"]
[Black "Metzdorf, Matteo"]
[Result "1/2-1/2"]
[WhiteElo "1444"]
[BlackElo "1704"]
[PlyCount "41"]
[EventDate "2017.12.26"]
[EventType "team-swiss"]
[EventRounds "7"]
[EventCountry "GER"]
[SourceTitle "CBM 182 Extra"]
[Source "ChessBase"]
[SourceDate "2018.02.23"]
[SourceVersion "1"]
[SourceVersionDate "2018.02.23"]
[SourceQuality "1"]
[WhiteTeam "Gruendau"]
[BlackTeam "Trier SG"]
[WhiteTeamCountry "GER"]
[BlackTeamCountry "GER"]

1. e4 e6 2. d4 d5 3. exd5 exd5 4. Nf3 Bd6 5. c4 Nf6 6. Nc3 c6 7. Bd3 0-0 8. 0-0 Nbd7 9. Re1 dxc4 10. Bxc4 Qc7 11. Be3 Nb6 12. Bb3 Bg4 13. h3 Bf5 14. Bc2 Bxc2 15. Qxc2 Nbd5 16. Nxd5 Nxd5 17. Qb3 Rfe8 18. Rac1 Rad8 19. Rcd1 h6 20. Qd3 Qd7 21. Qb3 1/2-1/2

[Event "Rhein Main op-B 19th"]
[Site "Bad Homburg"]
[Date "2016.05.27"]
[Round "4"]
[White "Wuerzberger, Guenter"]
[Black "Deutsch, Volker"]
[Result "0-1"]
[WhiteElo "1366"]
[BlackElo "1590"]
[PlyCount "120"]
[EventDate "2016.05.25"]
[EventType "swiss"]
[EventRounds "7"]
[EventCountry "GER"]
[SourceTitle "EXT 2017"]
[Source "ChessBase"]
[SourceDate "2016.10.25"]
[SourceVersion "1"]
[SourceVersionDate "2016.10.25"]
[SourceQuality "1"]

1. e4 e5 2. Nf3 Nc6 3. a3 Bc5 4. Bb5 a6 5. Bxc6 dxc6 6. d3 Nf6 7. Nxe5 Qd4 8. Be3 Qxe5 9. Bxc5 Qxc5 10. 0-0 0-0 11. b4 Qd4 12. c3 Qe5 13. f3 c5 14. Nd2 Qxc3 15. bxc5 Qxc5+ 16. Kh1 Be6 17. Qe2 Rad8 18. Rfc1 Qd4 19. Rxc7 Qxd3 20. Qxd3 Rxd3 21. Nf1 Rd7 22. Rcc1 Nh5 23. g3 b5 24. Ne3 Rd3 25. Re1 Rc8 26. Nd5 Bxd5 27. exd5 Rxf3 28. d6 Rd3 29. Rac1 Rd8 30. Rc6 h6 31. Rxa6 R3xd6 32. Rxd6 Rxd6 33. Re5 Nf6 34. Rxb5 Ra6 35. Rb3 Ne4 36. Rb8+ Kh7 37. Rb3 Nd6 38. Rd3 Nc4 39. Rf3 f6 40. a4 Rxa4 41. Rf1 Nd2 42. Rf2 Ne4 43. Re2 Rd4 44. g4 Rd1+ 45. Kg2 Rd2 46. Rxd2 Nxd2 47. h3 Kg6 48. Kg3 h5 49. h4 hxg4 50. Kxg4 f5+ 51. Kf4 Kf6 52. h5 Nb3 53. Ke3 Ke5 54. Kf3 f4 55. Kf2 Ke4 56. Ke2 f3+ 57. Kf2 Kf4 58. Kf1 Ke3 59. h6 gxh6 60. Ke1 f2+ 0-1

[Event "Wiesbaden op 27th"]
[Site "Wiesbaden"]
[Date "2015.08.29"]
[Round "4"]
[White "Schneider, Luca"]
[Black "Deutsch, Volker"]
[Result "1/2-1/2"]
[WhiteElo "1377"]
[BlackElo "1329"]
[PlyCount "111"]
[EventDate "2015.08.27"]
[EventType "swiss"]
[EventRounds "7"]
[EventCountry "GER"]
[SourceTitle "EXT 2016"]
[Source "ChessBase"]
[SourceDate "2015.10.08"]
[SourceVersion "1"]
[SourceVersionDate "2015.10.08"]
[SourceQuality "1"]

1. d4 d5 2. Nf3 Nf6 3. e3 e6 4. Bd3 Nbd7 5. c4 c6 6. Nc3 Bd6 7. Bd2 0-0 8. Qe2 Re8 9. 0-0 b6 10. e4 dxc4 11. Bxc4 b5 12. Bd3 Be7 13. Bc2 Qb6 14. Qd3 Ba6 15. Qe3 Qb7 16. h3 c5 17. e5 Nd5 18. Qe4 Nf8 19. Rfd1 Nxc3 20. bxc3 Qxe4 21. Bxe4 Rab8 22. Be3 Bb7 23. Bxb7 Rxb7 24. dxc5 Rc7 25. Rab1 Bxc5 26. Bxc5 Rxc5 27. Rbc1 Rec8 28. Rd2 Rxc3 29. Rxc3 Rxc3 30. Ne1 h6 31. Kh2 Ng6 32. Nf3 Rc5 33. Rd8+ Kh7 34. Rd7 Nxe5 35. Nxe5 Rxe5 36. Rxf7 a5 37. a3 Kg6 38. Rf4 Rf5 39. Kg3 Rxf4 40. Kxf4 Kf6 41. Ke3 Kf5 42. Kd4 g5 43. Kc5 b4 44. axb4 axb4 45. Kxb4 e5 46. Kc3 h5 47. Kd3 Kf4 48. Ke2 Ke4 49. f3+ Kf4 50. Kf2 h4 51. Kg1 Kg3 52. Kf1 Kf4 53. Kf2 e4 54. fxe4 Kxe4 55. g3 hxg3+ 56. Kxg3 1/2-1/2

[Event "Hessen-ch U10"]
[Site "Bad Homburg"]
[Date "2015.03.28"]
[Round "2"]
[White "Deutsch, Volker"]
[Black "Kirchner, Markus"]
[Result "0-1"]
[WhiteElo "1106"]
[BlackElo "1633"]
[PlyCount "114"]
[EventDate "2015.03.27"]
[EventType "swiss"]
[EventRounds "7"]
[EventCountry "GER"]
[SourceTitle "EXT 2017"]
[Source "ChessBase"]
[SourceDate "2016.10.25"]
[SourceVersion "1"]
[SourceVersionDate "2016.10.25"]
[SourceQuality "1"]

1. e4 e6 2. d4 d5 3. exd5 exd5 4. Nc3 c6 5. Nf3 Bd6 6. Bd3 Ne7 7. Bg5 f6 8. Bh4 Bg4 9. h3 Bh5 10. Qe2 Nd7 11. 0-0 Qc7 12. Rfe1 0-0-0 13. Qe3 Rde8 14. Nd2 Bf4 15. Bg3 Bxe3 16. Bxc7 Bxd2 17. Bg3 Bxe1 18. Rxe1 Bg6 19. Be2 Nf5 20. Rd1 Nxg3 21. fxg3 Bxc2 22. Rd2 Bg6 23. Bg4 f5 24. Bf3 Nf6 25. Kh2 Ne4 26. Nxe4 fxe4 27. Bg4+ Kb8 28. a4 h5 29. Be2 e3 30. Rd1 Bc2 31. Ra1 Rhf8 32. Bxh5 Re7 33. b4 e2 34. Re1 Bd1 35. Kg1 Rf1+ 36. Rxf1 exf1Q+ 37. Kxf1 Bxh5 38. g4 Bxg4 39. hxg4 Kc7 40. Kf2 g5 41. Kf3 Re4 42. g3 Rxd4 43. Ke3 Rxg4 44. Kf3 Rxb4 45. a5 Kd6 46. g4 Ke5 47. a6 b6 48. Ke3 Rb3+ 49. Kd2 Kd4 50. Kc2 Rd3 51. Kb2 Kc4 52. Kc2 Rd4 53. Kb2 Rd2+ 54. Kc1 Kc3 55. Kb1 Rd1+ 56. Ka2 Rc1 57. Ka3 Ra1# 0-1

[Event "GER-chT U10"]
[Site "Magdeburg"]
[Date "2014.12.29"]
[Round "6.3"]
[White "Schurig, Tom"]
[Black "Deutsch, Volker"]
[Result "0-1"]
[WhiteElo "600"]
[BlackElo "1059"]
[PlyCount "68"]
[EventDate "2014.12.27"]
[EventType "team-swiss"]
[EventRounds "7"]
[EventCountry "GER"]
[SourceTitle "EXT 2016"]
[Source "ChessBase"]
[SourceDate "2015.10.08"]
[SourceVersion "1"]
[SourceVersionDate "2015.10.08"]
[SourceQuality "1"]
[WhiteTeam "Aue Nickelhuette"]
[BlackTeam "Gruendau"]
[WhiteTeamCountry "GER"]
[BlackTeamCountry "GER"]

1. e4 e5 2. Nf3 Nc6 3. Bc4 Bc5 4. Ng5 Qxg5 5. 0-0 Qe7 6. d3 d6 7. Nc3 Be6 8. Bxe6 Qxe6 9. Nd5 Qd7 10. a3 Nd4 11. c3 Ne6 12. b4 Bb6 13. a4 c6 14. Ne3 a5 15. Qb3 axb4 16. Qxb4 Ba5 17. Qb3 Nf6 18. Nc4 Nc5 19. Qc2 0-0 20. Nxa5 Rxa5 21. Ba3 Re8 22. Bb4 Raa8 23. Bxc5 dxc5 24. a5 Red8 25. Rfd1 Qe6 26. c4 Nh5 27. g3 Nf6 28. Qb3 Rab8 29. Qb6 Qh3 30. f3 Qh5 31. g4 Qh3 32. Rab1 Qxf3 33. Qxb7 Rxb7 34. Rxb7 Qxd1+ 0-1

[Event "GER-chT U10"]
[Site "Magdeburg"]
[Date "2014.12.27"]
[Round "1.3"]
[White "Deutsch, Volker"]
[Black "Henneberg, Gregor"]
[Result "1-0"]
[WhiteElo "1059"]
[BlackElo "600"]
[PlyCount "45"]
[EventDate "2014.12.27"]
[EventType "team-swiss"]
[EventRounds "7"]
[EventCountry "GER"]
[SourceTitle "EXT 2016"]
[Source "ChessBase"]
[SourceDate "2015.10.08"]
[SourceVersion "1"]
[SourceVersionDate "2015.10.08"]
[SourceQuality "1"]
[WhiteTeam "Gruendau"]
[BlackTeam "Magdeburg Schachzwerge III"]
[WhiteTeamCountry "GER"]
[BlackTeamCountry "GER"]

1. e4 e5 2. Nf3 Nc6 3. Nc3 Nf6 4. Bc4 Bc5 5. d3 0-0 6. Bg5 d6 7. h3 Bd4 8. 0-0 Bc5 9. Nd5 Nxd5 10. Bxd8 Nxd8 11. Bxd5 c6 12. Bb3 Ne6 13. Re1 Nd4 14. Nxd4 Bxd4 15. c3 Bb6 16. d4 exd4 17. cxd4 c5 18. d5 Ba5 19. Re3 Bd7 20. Qh5 Bb5 21. Bc2 Rae8 22. e5 dxe5 23. Qxh7# 1-0